Perfect Squares 101 - 150 - Statistics

General Stats
  • This quiz has been taken 28 times
  • The average score is 41 of 50
Answer Stats
Hint Answer % Correct
110 12100
95%
111 12321
95%
101 10201
89%
102 10404
89%
103 10609
89%
104 10816
89%
105 11025
89%
106 11236
89%
107 11449
89%
108 11664
89%
109 11881
89%
112 12544
89%
113 12769
89%
114 12996
89%
115 13225
89%
116 13456
89%
117 13689
89%
118 13924
89%
119 14161
89%
120 14400
84%
121 14641
84%
122 14884
84%
123 15129
84%
124 15376
84%
125 15625
84%
126 15876
84%
127 16129
84%
128 16384
84%
129 16641
84%
130 16900
84%
131 17161
79%
140 19600
79%
150 22500
79%
132 17424
74%
133 17689
74%
134 17956
74%
135 18225
74%
136 18496
74%
137 18769
74%
138 19044
74%
139 19321
74%
141 19881
74%
142 20164
74%
143 20449
74%
144 20736
68%
145 21025
68%
146 21316
68%
147 21609
68%
148 21904
68%
149 22201
68%
No matching quizzes found
Score Distribution
Percent of People with Each Score
Percentile by Number Answered
Your Score History
You have not taken this quiz